MST3K Follow That Line: The Touch of Satan Quiz Stats

 Plays Quiz not verified by Sporcle

Score 0/25 Timer 08:00
0 Plays Today
% Correct
How many head of walnut do you have?
97.2%
Maybe the dagblagged thing is over yonder.
94.8%
Buy canned peaches and dishwashing liquid.
92.6%
Just don't hit his favorite frog.
92.4%
And if you say 'my squad car,' I'll chainsaw you in half.
90%
Being him I should know.
88.9%
With your soft downey warts.
88.9%
For he loves you and he may kill you if you don't.
87.8%
She's not that great.
85.8%
I'll tell no one of your backsweat problem.
84.5%
I do it out of Kinko's!
83.7%
Left her at Gymboree.
82.6%
Our next pause will be THIS big.
79.1%
% Correct
It's people saying 'Burn the witch!' Do you have any deductive powers at all?
77.1%
Let's go burn some Beatles records instead!
74.3%
Just like that chicken.
73.9%
Or mail anything.
72.8%
I've seen his food cake.
71.7%
I can't take the pace anymore.
71%
Where your fish lives.
65.4%
And go fetch?
62.5%
Michael Eisner?
61.2%
Right after this.
57.7%
Yaaaaay!!
47.5%
Is Captain Hook there?
42.7%

You're not logged in!

Compare scores with friends on all Sporcle quizzes.
Join for Free
OR
Log In

You Might Also Like...

Show Comments

Extras

Top Quizzes Today


Score Distribution

Your Account Isn't Verified!

In order to create a playlist on Sporcle, you need to verify the email address you used during registration. Go to your Sporcle Settings to finish the process.

Report this User

Report this user for behavior that violates our Community Guidelines.

Details: